[Event "Novosibirsk Region-ch sf"]
[Site "Novosibirsk"]
[Date "2010.10.22"]
[Round "7"]
[White "Ershov, Kirill"]
[Black "Kaurdakov, Vladislav"]
[Result "0-1"]
[WhiteElo "1866"]
[BlackElo "2153"]
[PlyCount "90"]
[EventDate "2010.??.??"]
[EventType "swiss"]
[EventRounds "9"]
[EventCountry "RUS"]
[SourceTitle "EXT 2014"]
[Source "ChessBase"]
[SourceDate "2013.11.20"]
[SourceVersion "1"]
[SourceVersionDate "2013.11.20"]
[SourceQuality "1"]

1. e4 e5 2. Nf3 Qe7 3. Bc4 c6 4. 0-0 Nf6 5. d4 d6 6. dxe5 dxe5 7. Ng5 Bg4 8. Bxf7+ Qxf7 9. Qd8+ Kxd8 10. Nxf7+ Ke8 11. Nxh8 Nbd7 12. f3 Bc5+ 13. Kh1 Be6 14. Nd2 Ke7 15. Nb3 Bb6 16. Re1 Rxh8 17. Be3 h5 18. Rad1 Rg8 19. Bxb6 axb6 20. Nd2 b5 21. Re3 Ra8 22. a3 Nc5 23. Nb1 Na4 24. b3 Nc5 25. h3 h4 26. Kg1 Nh5 27. Kf2 Nf4 28. Ree1 g5 29. Rh1 Bd7 30. Rhe1 Nce6 31. Rd2 Nd4 32. Re3 Be6 33. b4 Bc4 34. c3 Nde6 35. Rd1 Nf8 36. Rd2 Nd7 37. Rd1 Nb6 38. g3 hxg3+ 39. Kxg3 Be6 40. Ree1 Nc4 41. Nd2 Rh8 42. Rh1 Nb2 43. Rde1 Nh5+ 44. Kg2 Nd3 45. Re3 Nhf4+ 0-1

[Event "Novosibirsk Sukharev Memorial Seniors"]
[Site "Novosibirsk"]
[Date "2010.07.21"]
[Round "4"]
[White "Klynin, Vladimir"]
[Black "Kaurdakov, Vladislav"]
[Result "1/2-1/2"]
[WhiteElo "1987"]
[BlackElo "2152"]
[PlyCount "59"]
[EventDate "2010.07.18"]
[EventType "swiss"]
[EventRounds "9"]
[EventCountry "RUS"]
[SourceTitle "EXT 2011"]
[Source "ChessBase"]
[SourceDate "2010.11.26"]
[SourceVersion "1"]
[SourceVersionDate "2010.11.26"]
[SourceQuality "1"]

1. e4 e5 2. Nf3 d5 3. Nxe5 Qe7 4. d4 f6 5. Ng4 Qxe4+ 6. Ne3 Nc6 7. Nc3 Bb4 8. a3 Bxc3+ 9. bxc3 Nge7 10. Bd3 Qe6 11. 0-0 0-0 12. Re1 Qf7 13. a4 Bd7 14. Ba3 Rfe8 15. c4 Be6 16. cxd5 Nxd5 17. Nxd5 Bxd5 18. Rxe8+ Rxe8 19. c3 Na5 20. Qb1 g6 21. Qd1 Nc4 22. Bf1 Qe6 23. h3 Nxa3 24. Rxa3 Qe1 25. Qd3 Qc1 26. c4 Bf7 27. Rc3 Qa1 28. Ra3 Qc1 29. Rc3 Qa1 30. Ra3 1/2-1/2

[Event "Novosibirsk Sukharev Memorial Seniors"]
[Site "Novosibirsk"]
[Date "2010.07.18"]
[Round "1"]
[White "Kaurdakov, Vladislav"]
[Black "Chesnokov, Gennady"]
[Result "0-1"]
[WhiteElo "2152"]
[BlackElo "1970"]
[PlyCount "110"]
[EventDate "2010.07.18"]
[EventType "swiss"]
[EventRounds "9"]
[EventCountry "RUS"]
[SourceTitle "EXT 2011"]
[Source "ChessBase"]
[SourceDate "2010.11.26"]
[SourceVersion "1"]
[SourceVersionDate "2010.11.26"]
[SourceQuality "1"]

1. d4 Nf6 2. Qd3 d5 3. Nf3 Nc6 4. a3 g6 5. b4 Bg7 6. e3 0-0 7. Bb2 Ne4 8. c4 Bf5 9. Qb3 dxc4 10. Bxc4 Nd6 11. Bd5 Be4 12. Bxe4 Nxe4 13. Nc3 Nxc3 14. Bxc3 e6 15. b5 Ne7 16. e4 c5 17. bxc6 Nxc6 18. 0-0 b6 19. Rfd1 Ne7 20. Rac1 Qd7 21. Bb4 Rfc8 22. Bxe7 Qxe7 23. e5 Bh6 24. Rc3 Rxc3 25. Qxc3 Qd7 26. Qb3 Rc8 27. g4 Bf4 28. Ne1 Qc6 29. d5 exd5 30. Nd3 Qc4 31. Qxc4 Rxc4 32. Nxf4 Rxf4 33. Rxd5 Rxg4+ 34. Kf1 Ra4 35. Rd8+ Kg7 36. Rd3 Kf8 37. Kg2 Ke7 38. Kg3 Ke6 39. f4 Kf5 40. Rf3 h5 41. h4 b5 42. e6 fxe6 43. Rc3 Rc4 44. Rd3 Rxf4 45. Rd7 Ra4 46. Rf7+ Ke5 47. Rf3 a5 48. Rb3 b4 49. Re3+ Kf6 50. axb4 Rxb4 51. Rf3+ Ke7 52. Rc3 a4 53. Rc7+ Kf6 54. Ra7 Rb3+ 55. Kf4 Rh3 0-1

[Event "Novosibirsk Sukharev Memorial Seniors"]
[Site "Novosibirsk"]
[Date "2009.07.26"]
[Round "9"]
[White "Chernoev, Yakov"]
[Black "Kaurdakov, Vladislav"]
[Result "1/2-1/2"]
[WhiteElo "1949"]
[BlackElo "2130"]
[PlyCount "21"]
[EventDate "2009.07.18"]
[EventType "swiss"]
[EventRounds "9"]
[EventCountry "RUS"]
[SourceTitle "EXT 2021"]
[Source "ChessBase"]
[SourceDate "2020.10.23"]
[SourceVersion "1"]
[SourceVersionDate "2020.10.23"]
[SourceQuality "1"]

1. c4 e5 2. Nc3 Nc6 3. Nf3 f5 4. d3 Nf6 5. Bg5 Bb4 6. Qc2 h6 7. Bd2 0-0 8. a3 Bxc3 9. Bxc3 d6 10. 0-0-0 Qe7 11. e3 1/2-1/2

[Event "Novosibirsk Sukharev Memorial Seniors"]
[Site "Novosibirsk"]
[Date "2009.07.24"]
[Round "7"]
[White "Konjkov, Victor"]
[Black "Kaurdakov, Vladislav"]
[Result "1/2-1/2"]
[WhiteElo "1976"]
[BlackElo "2130"]
[PlyCount "30"]
[EventDate "2009.07.18"]
[EventType "swiss"]
[EventRounds "9"]
[EventCountry "RUS"]
[SourceTitle "EXT 2021"]
[Source "ChessBase"]
[SourceDate "2020.10.23"]
[SourceVersion "1"]
[SourceVersionDate "2020.10.23"]
[SourceQuality "1"]

1. e4 e5 2. Nc3 Bb4 3. Bc4 c6 4. f4 b5 5. Bb3 exf4 6. Nge2 Qh4+ 7. g3 fxg3 8. Nxg3 d5 9. 0-0 Bh3 10. Rf2 Nf6 11. d4 Bxc3 12. bxc3 dxe4 13. Rf4 Bg4 14. Qf1 0-0 15. Nxe4 Nxe4 1/2-1/2

[Event "Novosibirsk Sukharev Memorial Seniors"]
[Site "Novosibirsk"]
[Date "2009.07.23"]
[Round "6"]
[White "Kaurdakov, Vladislav"]
[Black "Letyagin, Boris"]
[Result "1-0"]
[WhiteElo "2130"]
[BlackElo "1819"]
[PlyCount "61"]
[EventDate "2009.07.18"]
[EventType "swiss"]
[EventRounds "9"]
[EventCountry "RUS"]
[SourceTitle "EXT 2021"]
[Source "ChessBase"]
[SourceDate "2020.10.23"]
[SourceVersion "1"]
[SourceVersionDate "2020.10.23"]
[SourceQuality "1"]

1. d4 e6 2. e3 d5 3. Bd3 Nf6 4. Nd2 c5 5. c3 Nc6 6. f4 g6 7. Ngf3 Bd7 8. Ne5 Nxe5 9. fxe5 Nh5 10. 0-0 c4 11. Be2 Bh6 12. Bxh5 Bxe3+ 13. Kh1 gxh5 14. Qf3 Qg5 15. Qxf7+ Kd8 16. Nf3 Qh6 17. Bxe3 Qxe3 18. Qxh5 Kc7 19. Rae1 Qd3 20. Ng5 Raf8 21. Rf7 Kc6 22. Rf6 Rxf6 23. exf6 Qf5 24. Qh6 Qf2 25. Rg1 b5 26. Qg7 Rb8 27. Nf7 Kc7 28. Ne5 Rd8 29. f7 Kd6 30. Nxd7 Rxd7 31. f8Q+ 1-0

[Event "Novosibirsk Sukharev Memorial Seniors"]
[Site "Novosibirsk"]
[Date "2009.07.21"]
[Round "4"]
[White "Kaurdakov, Vladislav"]
[Black "Kozdov, Nikolai"]
[Result "1-0"]
[WhiteElo "2130"]
[BlackElo "2058"]
[PlyCount "71"]
[EventDate "2009.07.18"]
[EventType "swiss"]
[EventRounds "9"]
[EventCountry "RUS"]
[SourceTitle "EXT 2021"]
[Source "ChessBase"]
[SourceDate "2020.10.23"]
[SourceVersion "1"]
[SourceVersionDate "2020.10.23"]
[SourceQuality "1"]

1. d4 Nf6 2. Qd3 d5 3. b4 c6 4. Nd2 g6 5. f3 Qb6 6. c3 Bg7 7. e4 0-0 8. e5 Ne8 9. Nb3 Bf5 10. Qd1 Nd7 11. g4 Be6 12. Qe2 Qd8 13. h4 Nc7 14. h5 f6 15. hxg6 hxg6 16. Qc2 Qe8 17. Bd3 f5 18. Nh3 b6 19. Ng5 Rf7 20. Nxf7 Qxf7 21. gxf5 Bxf5 22. Bxf5 gxf5 23. f4 Rc8 24. Be3 Ne6 25. 0-0-0 c5 26. bxc5 bxc5 27. dxc5 Ndxc5 28. Nxc5 Nxc5 29. Bxc5 Rxc5 30. Rh3 e6 31. Rg3 Kf8 32. Qb3 Qc7 33. Kc2 Kf7 34. Rdg1 Bf8 35. Rh1 Ke8 36. Rh8 1-0

[Event "Novosibirsk Sukharev Memorial Seniors"]
[Site "Novosibirsk"]
[Date "2008.07.25"]
[Round "6"]
[White "Kaurdakov, Vladislav"]
[Black "Chesnokov, Gennady"]
[Result "1-0"]
[WhiteElo "2119"]
[BlackElo "2003"]
[PlyCount "88"]
[EventDate "2008.07.20"]
[EventType "swiss"]
[EventRounds "9"]
[EventCountry "RUS"]
[SourceTitle "EXT 2022"]
[Source "ChessBase"]
[SourceDate "2021.10.06"]
[SourceVersion "1"]
[SourceVersionDate "2021.10.06"]
[SourceQuality "1"]

1. d4 d5 2. Nc3 f5 3. Bf4 e6 4. e3 Nf6 5. Be2 Bd6 6. Bh5+ g6 7. Be2 Bxf4 8. exf4 Ne4 9. Nxe4 dxe4 10. f3 Nc6 11. c3 Qd6 12. g3 exf3 13. Nxf3 Bd7 14. b4 a6 15. a4 0-0 16. 0-0 h6 17. Qd2 Kg7 18. Rfb1 Nd8 19. Ne5 Bc8 20. Bf3 Nf7 21. Re1 Nxe5 22. Rxe5 Rb8 23. Qe3 Bd7 24. a5 Rf6 25. Re1 Bc6 26. Bxc6 Qxc6 27. Rxe6 Rxe6 28. Qxe6 Qxe6 29. Rxe6 Kf7 30. Re5 c6 31. Kf2 Kf6 32. Ke3 g5 33. d5 cxd5 34. Kd4 gxf4 35. gxf4 Rc8 36. Rxd5 Rc6 37. c4 Re6 38. Rd7 Re4+ 39. Kd5 Rxf4 40. Rxb7 Rf2 41. Rb6+ Kg5 42. Rxa6 Rd2+ 43. Ke5 Re2+ 44. Kd4 Re7 1-0

[Event "Novosibirsk Sukharev Memorial Seniors"]
[Site "Novosibirsk"]
[Date "2008.07.20"]
[Round "1"]
[White "Boryak, Alexey"]
[Black "Kaurdakov, Vladislav"]
[Result "1-0"]
[WhiteElo "1948"]
[BlackElo "2119"]
[PlyCount "51"]
[EventDate "2008.07.20"]
[EventType "swiss"]
[EventRounds "9"]
[EventCountry "RUS"]
[SourceTitle "EXT 2022"]
[Source "ChessBase"]
[SourceDate "2021.10.06"]
[SourceVersion "1"]
[SourceVersionDate "2021.10.06"]
[SourceQuality "1"]

1. e4 e5 2. Bc4 Bc5 3. d3 c6 4. Bb3 h6 5. Nf3 Qe7 6. Qe2 a5 7. a3 Nf6 8. h3 d6 9. Be3 Nbd7 10. Nbd2 Bxe3 11. Qxe3 a4 12. Ba2 d5 13. d4 exd4 14. Nxd4 dxe4 15. Nf5 Qe5 16. Nc4 Qc5 17. Qg3 g6 18. Nfd6+ Ke7 19. Nxf7 Rh7 20. Ncd6 Nf8 21. 0-0-0 Be6 22. Bxe6 Nxe6 23. Ne5 Rg8 24. Nxg6+ Rxg6 25. Qxg6 Rg7 26. Nf5+ 1-0

[Event "Novosibirsk Sibiria op-C"]
[Site "Novosibirsk"]
[Date "2007.07.23"]
[Round "3"]
[White "Danilyuk, Nadezhda"]
[Black "Kaurdakov, Vladislav"]
[Result "0-1"]
[WhiteElo "1959"]
[BlackElo "2152"]
[PlyCount "84"]
[EventDate "2007.07.21"]
[EventType "swiss"]
[EventRounds "9"]
[EventCountry "RUS"]
[SourceTitle "EXT 2008"]
[Source "ChessBase"]
[SourceDate "2007.11.25"]
[SourceVersion "1"]
[SourceVersionDate "2007.11.25"]
[SourceQuality "1"]

1. d4 d5 2. c4 Nc6 3. Nf3 Bg4 4. cxd5 Bxf3 5. gxf3 Qxd5 6. e3 e5 7. dxe5 Qxd1+ 8. Kxd1 Nxe5 9. Be2 0-0-0+ 10. Kc2 Nf6 11. Nc3 Be7 12. b3 Nc6 13. a3 a6 14. Bb2 Rhe8 15. f4 Bd6 16. Bf3 Ne7 17. Rad1 Nf5 18. Nd5 Nxd5 19. Rxd5 Ne7 20. Rh5 h6 21. Bxg7 Bxa3 22. Bxh6 Bb4 23. Rd1 Rxd1 24. Kxd1 Rd8+ 25. Ke2 Rd2+ 26. Kf1 Rd3 27. Bg7 Rxb3 28. Rh8+ Kd7 29. Bxb7 a5 30. Ra8 Rb1+ 31. Kg2 c6 32. Be5 Ke6 33. h4 f6 34. Bc7 Rb2 35. e4 Be1 36. Ba6 Kd7 37. Bb8 Bxf2 38. h5 Ba7+ 39. Kf3 Bxb8 40. Rxb8 Rxb8 41. Bc4 f5 42. e5 Nd5 0-1

[Event "Novosibirsk Sibiria op-C"]
[Site "Novosibirsk"]
[Date "2007.07.21"]
[Round "1"]
[White "Yudin, Sergei"]
[Black "Kaurdakov, Vladislav"]
[Result "1-0"]
[WhiteElo "2503"]
[BlackElo "2152"]
[PlyCount "83"]
[EventDate "2007.07.21"]
[EventType "swiss"]
[EventRounds "9"]
[EventCountry "RUS"]
[SourceTitle "EXT 2008"]
[Source "ChessBase"]
[SourceDate "2007.11.25"]
[SourceVersion "1"]
[SourceVersionDate "2007.11.25"]
[SourceQuality "1"]

1. e4 c5 2. c3 Nc6 3. d4 d5 4. exd5 Qxd5 5. Nf3 e5 6. dxe5 Qxd1+ 7. Kxd1 Bg4 8. Bf4 Nge7 9. Be2 Ng6 10. Bg3 0-0-0+ 11. Nbd2 Bxf3 12. Bxf3 Ngxe5 13. Be2 Bd6 14. Kc2 f5 15. Rad1 Kc7 16. f4 Ng6 17. Rhf1 Be7 18. Bd3 Rhf8 19. Nc4 Bh4 20. Bxh4 Nxh4 21. Ne3 Ne7 22. g3 Nhg6 23. Rfe1 a6 24. a4 Rd7 25. h4 Rf6 26. a5 Nf8 27. Nc4 Nc6 28. Re8 Re7 29. Re1 Rxe1 30. Rxe1 Nd7 31. Ne3 Kd8 32. Bxf5 Nf8 33. Rd1+ Ke8 34. Nc4 Nxa5 35. Nxa5 Rxf5 36. Nxb7 Ke7 37. Ra1 h6 38. Rxa6 Ne6 39. Ra7 Kf6 40. Nd6 Rd5 41. Ne8+ Kg6 42. Ra6 1-0

[Event "Sibiria Region-ch"]
[Site "Novosibirsk"]
[Date "2003.??.??"]
[Round "4"]
[White "Abashev, Denis"]
[Black "Kaurdakov, Vladislav"]
[Result "1-0"]
[WhiteElo "2419"]
[BlackElo "2230"]
[PlyCount "61"]
[EventDate "2003.05.??"]
[EventType "swiss"]
[EventRounds "9"]
[EventCountry "RUS"]
[SourceTitle "EXT 2008"]
[Source "ChessBase"]
[SourceDate "2007.11.25"]
[SourceVersion "1"]
[SourceVersionDate "2007.11.25"]
[SourceQuality "1"]

1. e4 e5 2. Nf3 Qe7 3. Nc3 c6 4. d4 d6 5. Be3 Nf6 6. h3 h6 7. Qd2 b5 8. a3 a6 9. dxe5 dxe5 10. 0-0-0 Nbd7 11. g4 g5 12. h4 Rb8 13. hxg5 Nxg4 14. Bh3 Nxe3 15. Qxe3 b4 16. Qa7 Rb7 17. Qxa6 Nb8 18. Qa5 Bxh3 19. Rxh3 bxc3 20. Qxc3 Bg7 21. Nh4 Qxg5+ 22. Kb1 Qg4 23. Re1 Qe6 24. Nf5 Bf8 25. Qa5 c5 26. Rd1 Qb6 27. Qa4+ Qb5 28. Rhd3 Be7 29. Rd8+ Bxd8 30. Nd6+ Ke7 31. Nxb5 1-0

[Event "Sibiria Region-ch"]
[Site "Novosibirsk"]
[Date "2003.??.??"]
[Round "3"]
[White "Kaurdakov, Vladislav"]
[Black "Andreev, Afrikan"]
[Result "1-0"]
[WhiteElo "2230"]
[BlackElo "2341"]
[PlyCount "85"]
[EventDate "2003.05.??"]
[EventType "swiss"]
[EventRounds "9"]
[EventCountry "RUS"]
[SourceTitle "EXT 2008"]
[Source "ChessBase"]
[SourceDate "2007.11.25"]
[SourceVersion "1"]
[SourceVersionDate "2007.11.25"]
[SourceQuality "1"]

1. d4 Nf6 2. Qd3 d5 3. Nc3 g6 4. f3 c5 5. Bg5 cxd4 6. Bxf6 exf6 7. Qxd4 Be6 8. e4 Nc6 9. Bb5 dxe4 10. Qxe4 Rc8 11. Nge2 Be7 12. Nd4 Bd7 13. 0-0-0 0-0 14. Rhe1 Re8 15. Qd5 Bf8 16. Bc4 Bh6+ 17. Kb1 Rf8 18. Ne4 Bg7 19. Nd6 Nb4 20. Qxb7 Rb8 21. Qxa7 f5 22. Bb3 Ra8 23. Qc5 Na6 24. Qd5 Nc7 25. Nxf7 Nxd5 26. Nxd8 Rfxd8 27. Bxd5+ Kh8 28. Ne6 Bxe6 29. Bxe6 Rdb8 30. Bb3 Rb7 31. Rd5 h5 32. Red1 Kh7 33. Rd7 Rxd7 34. Rxd7 Re8 35. a4 Re5 36. Rd5 Re2 37. a5 Be5 38. a6 Bb8 39. Rd8 Ba7 40. Rd7+ Kh6 41. Rxa7 Rxg2 42. Rb7 Rf2 43. a7 1-0

[Event "Capital of Sibiria op"]
[Site "Novosibirsk"]
[Date "2002.07.24"]
[Round "6"]
[White "Kaurdakov, Vladislav"]
[Black "Mastilin, Alexander"]
[Result "1-0"]
[WhiteElo "2175"]
[BlackElo "2079"]
[PlyCount "54"]
[EventDate "2002.07.19"]
[EventType "swiss"]
[EventRounds "9"]
[EventCountry "RUS"]
[SourceTitle "CBM 089 Extra"]
[Source "ChessBase"]
[SourceDate "2002.09.10"]
[SourceVersion "2"]
[SourceVersionDate "2002.09.10"]
[SourceQuality "1"]

1. d4 Nf6 2. c4 g6 3. Qd3 d5 4. cxd5 Nxd5 5. a3 b6 6. Nc3 Ba6 7. Qf3 c6 8. e4 Nxc3 9. Bxa6 Nxa6 10. Qxc3 Rc8 11. d5 Rg8 12. Qc4 Nc5 13. Ne2 cxd5 14. exd5 e6 15. Nc3 Bg7 16. 0-0 Bxc3 17. Qxc3 Qxd5 18. Be3 Rd8 19. b4 Ne4 20. Qc2 Nd6 21. Rad1 Qc4 22. Qa4+ Nb5 23. Rc1 Qd5 24. Rfd1 Qh5 25. Rxd8+ Kxd8 26. Bxb6+ Ke7 27. Bc5+ Nd6 1-0

[Event "Capital of Sibiria op"]
[Site "Novosibirsk"]
[Date "2002.07.22"]
[Round "4"]
[White "Kaurdakov, Vladislav"]
[Black "Salinnikov, Denis Y"]
[Result "0-1"]
[WhiteElo "2175"]
[BlackElo "2327"]
[PlyCount "94"]
[EventDate "2002.07.19"]
[EventType "swiss"]
[EventRounds "9"]
[EventCountry "RUS"]
[SourceTitle "CBM 089 Extra"]
[Source "ChessBase"]
[SourceDate "2002.09.10"]
[SourceVersion "2"]
[SourceVersionDate "2002.09.10"]
[SourceQuality "1"]

1. d4 Nf6 2. c4 g6 3. Qd3 Bg7 4. e4 0-0 5. e5 Ne8 6. h4 d6 7. exd6 Qxd6 8. Nf3 Bf5 9. Qb3 Nc6 10. d5 Nb4 11. Na3 a5 12. Bd2 e6 13. dxe6 Qxe6+ 14. Be3 Rd8 15. Be2 Nd3+ 16. Kf1 Nxb2 17. Qxb7 Nd6 18. Qxc7 Rc8 19. Qb6 Nbxc4 20. Nxc4 Nxc4 21. Qxe6 Bxe6 22. Bd4 Nd2+ 23. Nxd2 Bxd4 24. Rd1 Bxa2 25. Ne4 Bg7 26. h5 Bb3 27. Re1 a4 28. Rh3 Rfd8 29. h6 Bb2 30. Rb1 Rc1+ 31. Rxc1 Bxc1 32. Nc5 Rb8 33. g4 Bg5 34. Kg2 Be7 35. Nxb3 Rxb3 36. Rxb3 axb3 37. f4 b2 38. Bd3 Bf8 39. g5 f6 40. Kf3 fxg5 41. fxg5 Be7 42. Kf4 Kf7 43. Bc4+ Ke8 44. Bb5+ Kd8 45. Bd3 Kc7 46. Bxg6 hxg6 47. h7 Bd6+ 0-1

[Event "Novosibirsk-ch"]
[Site "Novosibirsk"]
[Date "2001.11.19"]
[Round "7"]
[White "Kaurdakov, Vladislav"]
[Black "Itkin, Dmitry"]
[Result "0-1"]
[WhiteElo "2144"]
[BlackElo "2227"]
[PlyCount "90"]
[EventDate "2001.11.13"]
[EventType "swiss"]
[EventRounds "9"]
[EventCountry "RUS"]
[SourceTitle "CBM 085 Extra"]
[Source "ChessBase"]
[SourceDate "2002.01.21"]
[SourceVersion "1"]
[SourceVersionDate "2002.01.21"]
[SourceQuality "1"]

1. e4 c5 2. Nc3 d6 3. f4 Nc6 4. Nf3 g6 5. g3 Bg7 6. Bg2 e6 7. d3 Nge7 8. Bd2 0-0 9. h4 e5 10. f5 gxf5 11. Ng5 f6 12. Nh3 fxe4 13. Nxe4 Be6 14. c3 Qd7 15. Nhf2 b6 16. g4 d5 17. Ng3 Bf7 18. h5 h6 19. Qc1 Kh7 20. Qc2 Be6 21. Bh3 f5 22. g5 f4 23. g6+ Kh8 24. Nf1 Bxh3 25. Rxh3 b5 26. 0-0-0 b4 27. Nh2 Nf5 28. Rg1 a5 29. Nf3 a4 30. Ng4 Rfb8 31. Ng5 b3 32. axb3 axb3 33. Qb1 Nd8 34. Kd1 Ra4 35. Nf3 Qe6 36. d4 Rba8 37. Ke2 cxd4 38. Kf2 dxc3 39. bxc3 e4 40. Bxf4 exf3 41. Re1 Re4 42. Ne5 Ra2+ 43. Kxf3 Nd4+ 44. Kg3 Ne2+ 45. Rxe2 Rexe2 0-1

[Event "Novosibirsk-ch"]
[Site "Novosibirsk"]
[Date "2001.11.17"]
[Round "5"]
[White "Kaurdakov, Vladislav"]
[Black "Novikova, Anna"]
[Result "1-0"]
[WhiteElo "2144"]
[BlackElo "2211"]
[PlyCount "123"]
[EventDate "2001.11.13"]
[EventType "swiss"]
[EventRounds "9"]
[EventCountry "RUS"]
[SourceTitle "CBM 085 Extra"]
[Source "ChessBase"]
[SourceDate "2002.01.21"]
[SourceVersion "1"]
[SourceVersionDate "2002.01.21"]
[SourceQuality "1"]

1. d4 d5 2. Nc3 Nf6 3. Bg5 h6 4. Bxf6 exf6 5. e4 dxe4 6. Nxe4 Be7 7. Nf3 0-0 8. Bd3 f5 9. Ng3 Bb4+ 10. c3 Re8+ 11. Kf1 Bd6 12. Nxf5 Nc6 13. h3 Be6 14. Ne3 Ne7 15. Bc4 Nf5 16. Bxe6 Nxe3+ 17. fxe3 Rxe6 18. Kf2 Qe7 19. Qd3 Re8 20. Rae1 Rg6 21. g4 Re6 22. Rhg1 Re4 23. b4 Qe6 24. Nd2 Qf6+ 25. Kg2 R4e6 26. e4 Qg6 27. Qf1 Rf6 28. Qb5 c6 29. Qh5 Qxh5 30. gxh5 Bf4 31. Nf3 Rfe6 32. e5 f6 33. Re4 fxe5 34. dxe5 Bg5 35. Rd1 Bf6 36. Rde1 b6 37. h4 Kh7 38. Kh3 c5 39. b5 Bd8 40. Kg4 g6 41. Rd1 gxh5+ 42. Kxh5 Rf8 43. Rd7+ Be7 44. Kg4 h5+ 45. Kg3 Kh6 46. Rxa7 Rg6+ 47. Kf2 Rf7 48. Raa4 Rfg7 49. Ke3 Rg3 50. Ra6 R7g6 51. c4 Rg2 52. Ra7 Re6 53. Rf4 Kg6 54. Ke4 Rg4 55. a4 Bf8 56. Nh2 Rxf4+ 57. Kxf4 Be7 58. Nf3 Bd8 59. Ke4 Re8 60. Ra8 Kf7 61. Kf5 Ke7 62. Ra7+ 1-0

[Event "Novosibirsk-ch"]
[Site "Novosibirsk"]
[Date "2001.11.14"]
[Round "2"]
[White "Kuznetsov, Yakov"]
[Black "Kaurdakov, Vladislav"]
[Result "1-0"]
[WhiteElo "2254"]
[BlackElo "2144"]
[PlyCount "26"]
[EventDate "2001.11.13"]
[EventType "swiss"]
[EventRounds "9"]
[EventCountry "RUS"]
[SourceTitle "CBM 085 Extra"]
[Source "ChessBase"]
[SourceDate "2002.01.21"]
[SourceVersion "1"]
[SourceVersionDate "2002.01.21"]
[SourceQuality "1"]

1. g3 e5 2. Bg2 d5 3. c4 d4 4. b4 c6 5. Qa4 Bd7 6. Ba3 Qf6 7. d3 b5 8. Qa5 bxc4 9. Qc7 Bd6 10. Qb7 a5 11. Qxa8 axb4 12. Nd2 bxa3 13. Ne4 Bc7 1-0

[Event "Novosibirsk op"]
[Site "Novosibirsk"]
[Date "2001.07.23"]
[Round "5"]
[White "Kazakov, Peter"]
[Black "Kaurdakov, Vladislav"]
[Result "0-1"]
[WhiteElo "2342"]
[BlackElo "2144"]
[PlyCount "49"]
[EventDate "2001.07.18"]
[EventType "swiss"]
[EventRounds "11"]
[EventCountry "RUS"]
[SourceTitle "CBM 083 Extra"]
[Source "ChessBase"]
[SourceDate "2001.09.11"]
[SourceVersion "1"]
[SourceVersionDate "2001.09.11"]
[SourceQuality "1"]

1. e4 e5 2. Nf3 Nc6 3. d4 exd4 4. Bc4 d6 5. Nxd4 Nf6 6. 0-0 Be7 7. Nc3 0-0 8. Re1 Ne5 9. Bf1 c5 10. Nde2 b5 11. Nf4 b4 12. Ncd5 Bg4 13. f3 Be6 14. Be3 Nxd5 15. Nxd5 f5 16. exf5 Rxf5 17. Nxe7+ Qxe7 18. Bf2 Raf8 19. Bg3 g5 20. Bd3 Nxd3 21. Qxd3 d5 22. Qa6 Re8 23. Bd6 Qf6 24. Bxc5 Qxb2 25. Qc6 0-1

[Event "Novosibirsk op"]
[Site "Novosibirsk"]
[Date "2001.07.19"]
[Round "1"]
[White "Akselrod, Vladislav"]
[Black "Kaurdakov, Vladislav"]
[Result "1-0"]
[WhiteElo "2415"]
[BlackElo "2144"]
[PlyCount "45"]
[EventDate "2001.07.18"]
[EventType "swiss"]
[EventRounds "11"]
[EventCountry "RUS"]
[SourceTitle "CBM 083 Extra"]
[Source "ChessBase"]
[SourceDate "2001.09.11"]
[SourceVersion "1"]
[SourceVersionDate "2001.09.11"]
[SourceQuality "1"]

1. d4 d5 2. Nf3 Bg4 3. Ne5 Bf5 4. c4 f6 5. Nf3 e6 6. Nc3 c6 7. Nh4 Bg4 8. h3 Bh5 9. cxd5 f5 10. Qb3 cxd5 11. Qxb7 Qxh4 12. Qxa8 Bd6 13. Nb5 Bb4+ 14. Bd2 Bxd2+ 15. Kxd2 Nf6 16. Qxb8+ Kf7 17. Qc7+ Kg8 18. g3 Qg5+ 19. Ke1 h6 20. Bg2 Kh7 21. Qf4 Qg6 22. Nd6 Rb8 23. b3 1-0